#1 Hits der 2000er-Jahre in Deutschland - Statistiken

Allgemein
  • Dieses Quiz wurde 6.061 mal gespielt
  • Das Durchschnittsergebnis liegt bei 41 aus 129
Antwortstatistiken
#1's Künstler % Korrekt
2 Lady Gaga
95%
2 Katy Perry
87%
1 Rihanna feat. Jay-Z
86%
1 Beyoncé & Shakira
85%
1 Rihanna
85%
1 Shakira
83%
1 Shakira feat. Wyclef Jean
83%
1 Madonna feat. Justin Timberlake & Timbaland
78%
1 Anton feat. DJ Ötzi
73%
1 50 Cent
72%
1 50 Cent feat. Olivia
72%
1 DJ Ötzi feat. Eric Dikeb
72%
1 DJ Ötzi & Nik P.
72%
2 Madonna
72%
1 Eminem feat. Dido
71%
4 Tokio Hotel
70%
1 Eminem
66%
2 Die Ärzte
65%
1 Culcha Candela
64%
1 Herbert Grönemeyer feat. Amadou & Mariam
64%
2 Herbert Grönemeyer
63%
1 Christina Aguilera, Lil’ Kim, Mýa, Pink & Missy Elliott
59%
1 Sportfreunde Stiller
58%
1 Justin Timberlake
57%
3 The Black Eyed Peas
56%
1 Usher feat. Ludacris & Lil Jon
55%
1 David Guetta feat. Akon
51%
1 P!nk
51%
1 Stefan Raab & Truck Stop
50%
2 Sarah Connor
46%
1 Sarah Connor
45%
1 Sarah Connor feat. Natural
45%
1 Sarah Connor feat. Naturally 7
45%
1 Timbaland presents OneRepublic
45%
4 No Angels
43%
3 Robbie Williams
43%
2 Silbermond
42%
1 Pussycat Dolls feat. Busta Rhymes
41%
1 Nelly feat. Kelly Rowland
40%
1 Britney Spears
37%
1 OutKast
37%
1 Ich + Ich
36%
1 Rammstein
35%
1 James Morrison feat. Nelly Furtado
34%
1 Xavier Naidoo
33%
1 Nelly Furtado
32%
1 Akon
31%
1 Las Ketchup
31%
1 Leona Lewis
30%
1 O-Zone
30%
1 Polarkreis 18
30%
1 Azad feat. Adel Tawil
29%
1 Dido
29%
1 Kid Rock
29%
1 RZA feat. Xavier Naidoo
29%
1 Schnappi, das kleine Krokodil
29%
1 Scooter
29%
1 t.A.T.u.
29%
1 Kylie Minogue
28%
1 Zlatko & Jürgen
28%
1 Höhner
27%
2 Alexander
25%
1 Rosenstolz
25%
1 Duffy
22%
2 Enya
22%
1 Eric Prydz
22%
1 Mario Winans feat. Enya und P. Diddy
22%
1 Mattafix
22%
2 Monrose
22%
1 Nena
22%
1 Take That
22%
1 The Rasmus
22%
2 Yvonne Catterfeld
22%
1 Santana feat. The Product G&B
21%
1 Deutschland sucht den Superstar (-Allstars)
20%
1 Aura Dione
19%
1 Rednex
19%
1 Texas Lightning
19%
1 Zlatko
19%
1 Daniel K.
18%
1 Oomph!
18%
1 Plain White T’s
18%
1 Shaggy feat. Rayvon
18%
1 Shaggy feat. Trix & Flix
18%
1 Söhne Mannheims
18%
1 Keri Hilson
17%
1 Mark Medlock & Dieter Bohlen
17%
1 Atomic Kitten
16%
1 Mario
16%
1 Alex C. feat. Y-ass
15%
1 HIM
15%
1 Max
15%
1 Afroman
14%
1 Bob Sinclar presents Goleo VI feat. Gary „Nesta“ Pine
14%
1 Dante Thomas feat. Pras Michel
14%
1 Emilíana Torrini
14%
2 Mark Medlock
14%
1 ATC
13%
1 Bomfunk MC’s
13%
1 Juanes
13%
1 Schnuffel
13%
1 Scissor Sisters
13%
1 Tobias Regner
13%
1 Bro’Sis
12%
1 Crazy Town
12%
1 Uncle Kracker
12%
1 Eros Ramazzotti & Anastacia
11%
1 Melanie C
11%
1 Nu Pagadi
11%
1 US5
11%
1 Christian
10%
1 Die Gerd Show
10%
1 Marit Larsen
10%
1 Aventura
9%
1 Eamon
9%
1 Martin Kesici
9%
1 Outlandish
9%
1 Overground
8%
1 Preluders
8%
1 Daniel Schuhmacher
6%
1 Die 3. Generation
6%
1 French Affair
6%
1 Lumidee feat. Busta Rhymes & Fabolous
6%
1 Thomas Godoj
6%
1 Ch!pz
5%
1 Mad'House
5%
1 Pur
5%
1 Depeche Mode
4%
1 Mike Leon Grosch
3%
Keine übereinstimmenden Quizze gefunden
Verteilung der Resultate
Anzahl Personen mit jedem Resultat
Perzentil nach korrekt beantworteten Fragen
Ihre Resultats-Entwicklung
Sie haben dieses Quiz noch nicht gespielt